00613 2200217 4500001002100000005001700021008004100038020002200079035002400101040001200125082001500137090002100152100002600173245006800199250001100267260003100278300003100309650002100340850001200361990002200373INLIS00000000002434320161124101630.0  a978-602-98884-5-4 0010-111600000000597 aYOPDYOG 223a028.55 aDEP 028.55 Rev B aREVIANTO BUDI SANTOSA aBertamasya di atap-atap rumah Kotagedec/ Revianto Budi Santosa aCet. 1 aYogyakartabRekompakc2011 a36 hlm.b: ilus.c; 21 cm. aBuku Cerita Anak aYOPDYOG aCB-D.11/2011-1157